000 00792nam a2200241Ia 4500
003 OSt
005 20220926004523.0
006 a|||||r|||| 00| 0
007 ta
008 220923b |||||||| |||| 00| 0 eng d
020 _a8131603334
_c845.75
037 _b631, 06/08/2010, Insat Books & Periodicals
_cGeneral Book
040 _aRTL
_cRTL
_beng
041 _2eng
_aeng
082 _aU43, P9
100 _aSPENCE Michael
_9273940
245 0 _aUrbanization and growth
_b Commission on growth and development
260 _a New Delhi
_bRawat Publications
_c2009
300 _axxx, 255p Bibliography chapterwise
_ccm.
650 _aGeography
942 _hU43, P9
_cGB
_2CC
999 _c611442
_d611442